000 00784nam a2200241 a 4500
001 BRCA_7864
005 20190320210029.0
008 191113s1963----mx-ac#####---#000-0#spa-#
041 _aspa
044 _amx
050 4 _aBX2532
_b.M87 1963
100 1 _aMuriel, Josefina
_9834
245 1 0 _aLas indias caciques de Corpus Christi
_cpor Josefina Muriel.
260 _aMéxico
_bUNAM, Instituto de Historia
_c1963
300 _a401 p.
_bil., retratos
_c23 cm.
440 0 _aUNAM, Instituto de Historia
_pSerie histórica
_v6
_919460
500 _aY96
500 _aDedicatoria de la autora al Sr. Franz Mayer
610 2 4 _aCorpus Cristi de Indias Caciques (Convento), México (Ciudad)
_919461
650 1 4 _aConventos y monasterios
_zMéxico
_99892
902 _aGFM
942 _2lcc
_cB
999 _c7538
_d7538